|
|
|
|
| LEADER |
01985nam a2200373 a 4500 |
| 001 |
6998 |
| 003 |
BD-DhAAL |
| 008 |
091006s1993 dcua b 000 0 eng d |
| 999 |
|
|
|c 4285
|d 4285
|
| 020 |
|
|
|a 1882839005 (User's guide)
|
| 020 |
|
|
|a 1882839099 (Facilitator's guide)
|
| 040 |
|
|
|a ACT
|c ACT
|d AEU
|d BD-DhAAL
|
| 082 |
0 |
0 |
|a 614.42072
|2 20
|
| 245 |
1 |
0 |
|a Primary Health Care Management Advancement Programme /
|n Module 1,
|p Assessing community health needs and coverage.
|
| 246 |
3 |
0 |
|a Assessing community health needs and coverage
|
| 260 |
|
|
|a Washington, DC :
|b Aga Khan Foundation,
|c 1993.
|
| 300 |
|
|
|a 2 v. :
|b illustrations ;
|c 21 cm.
|
| 490 |
1 |
|
|a PHC MAP series of modules, guides and reference materials
|
| 504 |
|
|
|a Includes bibliographical references.
|
| 505 |
8 |
0 |
|t Facilitator's guide /
|r Martine Hilton --
|t User's guide /
|r Jack Reynolds.
|
| 541 |
1 |
|
|e 00007000
|
| 650 |
|
0 |
|a Health surveys
|x Methodology.
|9 30047
|
| 650 |
|
0 |
|a Community health services
|x Evaluation.
|9 30048
|
| 650 |
|
0 |
|a Health planning.
|9 30049
|
| 700 |
1 |
|
|a Reynolds, Jack.
|9 30050
|
| 700 |
1 |
|
|a Hilton, Martine.
|9 30051
|
| 710 |
2 |
|
|a Primary Health Care Management Advancement Programme.
|9 30052
|
| 710 |
2 |
|
|a Aga Khan Foundation.
|9 30053
|
| 830 |
|
0 |
|a PHC MAP series of modules, guides and reference materials.
|9 30054
|
| 852 |
4 |
|
|a Ayesha Abed Library
|j General Stacks
|
| 942 |
|
|
|2 ddc
|c BK
|
| 952 |
|
|
|0 0
|1 0
|2 ddc
|4 0
|6 614_420720000000000_PRI
|7 0
|9 3952
|a BRACUL
|b BRACUL
|c GEN
|d 2009-10-06
|g 0.00
|l 0
|o 614.42072 PRI
|p 3010007000
|r 2009-10-06
|t 3
|w 2009-10-06
|y BK
|x No price found in the accession register.
|
| 952 |
|
|
|0 0
|1 0
|2 ddc
|4 0
|6 614_420720000000000_PRI
|7 0
|9 3953
|a BRACUL
|b BRACUL
|c GEN
|d 2009-10-07
|g 0.00
|l 0
|o 614.42072 PRI
|p 3010006999
|r 2023-06-25
|t 2
|w 2009-10-07
|y BK
|x No price found in the accession register.
|
| 952 |
|
|
|0 0
|1 0
|2 ddc
|4 0
|6 614_420720000000000_PRI
|7 0
|9 3954
|a BRACUL
|b BRACUL
|c GEN
|d 2009-10-07
|g 0.00
|l 0
|o 614.42072 PRI
|p 3010006998
|r 2009-10-07
|t 1
|w 2009-10-07
|y BK
|x No price found in the accession register.
|